000 01508nam0a2200277 4500
001 RU\NLR\bibl\968094
005 20260407065812.0
021 _aRU
_b2006-35166
_91757
035 _a(NLR Aleph) 000956069
090 _a309965
_c309965
100 _a20060717d2005 |||y0rusy50 ca
101 0 _arus
102 _aRU
105 _aa |||||||||
200 1 _aИнформатика
_eпособие для студентов факультета высшего сестринского образования
_fС.-Петерб. гос. мед. ун-т им. акад. И.П. Павлова Федер. агентства по здравоохранению и социал. развитию, Каф. мед. и биол. физики
_g[Б.С. Кулинкин и др.]
210 _aСанкт-Петербург
_cИзд-во СПбГМУ
_d2005
215 _a34 с.
_cил.
_d20
606 1 _aИнформатика
_jУчебные издания для высших учебных заведений
_92081274
_3RU\NLR\auth\661257251
686 _aЗ973.233я73-1
702 1 _aКулинкин
_bБ. С.
_4220
712 0 2 _4570
_aСанкт-Петербургский государственный медицинский университет им. И. П. Павлова
_bКафедра медицинской и биологической физики
_3RU\NLR\AUTH\8810033271
_9565052
801 0 _aRU
_bNLR
_c20060717
_grcr
801 1 _aRU
_bNLR
_c20060717
942 _cBOOK
980 _aNB